<?xml version="1.0" encoding="UTF-8"?>
<record
    xmlns:xsi="http://www.w3.org/2001/XMLSchema-instance"
    xsi:schemaLocation="http://www.loc.gov/MARC21/slim http://www.loc.gov/standards/marcxml/schema/MARC21slim.xsd"
    xmlns="http://www.loc.gov/MARC21/slim">

  <leader>02141namaa2200409uu 4500</leader>
  <controlfield tag="001">doab68186</controlfield>
  <controlfield tag="003">oapen</controlfield>
  <controlfield tag="005">20260305123949.0</controlfield>
  <controlfield tag="006">m     o  d        </controlfield>
  <controlfield tag="007">cr|mn|---annan</controlfield>
  <controlfield tag="008">210427s2019    xx |||||o     ||| 0|eng d</controlfield>
  <datafield tag="020" ind1=" " ind2=" ">
    <subfield code="a">9780198796558</subfield>
  </datafield>
  <datafield tag="040" ind1=" " ind2=" ">
    <subfield code="a">oapen</subfield>
    <subfield code="c">oapen</subfield>
  </datafield>
  <datafield tag="041" ind1="0" ind2=" ">
    <subfield code="a">eng</subfield>
  </datafield>
  <datafield tag="042" ind1=" " ind2=" ">
    <subfield code="a">dc</subfield>
  </datafield>
  <datafield tag="072" ind1=" " ind2="7">
    <subfield code="a">MB</subfield>
    <subfield code="2">bicssc</subfield>
  </datafield>
  <datafield tag="720" ind1="1" ind2=" ">
    <subfield code="a">De Campos, Thana</subfield>
    <subfield code="4">edt</subfield>
  </datafield>
  <datafield tag="245" ind1="0" ind2="0">
    <subfield code="a">Philosophical Foundations of Medical Law</subfield>
  </datafield>
  <datafield tag="260" ind1=" " ind2=" ">
    <subfield code="a">Oxford</subfield>
    <subfield code="b">Oxford University Press</subfield>
    <subfield code="c">2019</subfield>
  </datafield>
  <datafield tag="300" ind1=" " ind2=" ">
    <subfield code="a">1 online resource</subfield>
  </datafield>
  <datafield tag="336" ind1=" " ind2=" ">
    <subfield code="a">text</subfield>
    <subfield code="b">txt</subfield>
    <subfield code="2">rdacontent</subfield>
  </datafield>
  <datafield tag="337" ind1=" " ind2=" ">
    <subfield code="a">computer</subfield>
    <subfield code="b">c</subfield>
    <subfield code="2">rdamedia</subfield>
  </datafield>
  <datafield tag="338" ind1=" " ind2=" ">
    <subfield code="a">online resource</subfield>
    <subfield code="b">cr</subfield>
    <subfield code="2">rdacarrier</subfield>
  </datafield>
  <datafield tag="506" ind1="0" ind2=" ">
    <subfield code="a">Free-to-read</subfield>
    <subfield code="f">Unrestricted online access</subfield>
    <subfield code="2">star</subfield>
  </datafield>
  <datafield tag="520" ind1=" " ind2=" ">
    <subfield code="a">With advances in personalised medicine, the field of medical law is being challenged and transformed. The nature of the doctor-patient relationship is shifting as patients simultaneously become consumers. The regulation of emerging technologies is being thrown into question, and we face new challenges in the context of global pandemics. This volume identifies significant questions and issues underlying the philosophy of medical law. It brings together leading philosophers, legal theorists, and medical specialists to discuss these questions in two parts. The first part deals with key foundational theories, and the second addresses a variety of topical issues, including euthanasia, abortion, and medical privacy. The wide range of perspectives and topics on offer provide a vital introduction to the philosophical underpinnings of medical law.</subfield>
  </datafield>
  <datafield tag="540" ind1=" " ind2=" ">
    <subfield code="a">All rights reserved</subfield>
    <subfield code="u">http://oapen.org/content/about-rights</subfield>
  </datafield>
  <datafield tag="546" ind1=" " ind2=" ">
    <subfield code="a">English</subfield>
  </datafield>
  <datafield tag="650" ind1=" " ind2="7">
    <subfield code="a">Medicine: general issues</subfield>
    <subfield code="2">bicssc</subfield>
  </datafield>
  <datafield tag="653" ind1=" " ind2=" ">
    <subfield code="a">philosophy; medical law</subfield>
  </datafield>
  <datafield tag="720" ind1="1" ind2=" ">
    <subfield code="a">De Campos, Thana</subfield>
    <subfield code="4">oth</subfield>
  </datafield>
  <datafield tag="720" ind1="1" ind2=" ">
    <subfield code="a">Herring, Jonathan</subfield>
    <subfield code="4">edt</subfield>
  </datafield>
  <datafield tag="720" ind1="1" ind2=" ">
    <subfield code="a">Herring, Jonathan</subfield>
    <subfield code="4">oth</subfield>
  </datafield>
  <datafield tag="720" ind1="1" ind2=" ">
    <subfield code="a">Phillips, Andelka M</subfield>
    <subfield code="4">edt</subfield>
  </datafield>
  <datafield tag="720" ind1="1" ind2=" ">
    <subfield code="a">Phillips, Andelka M</subfield>
    <subfield code="4">oth</subfield>
  </datafield>
  <datafield tag="793" ind1="0" ind2=" ">
    <subfield code="a">DOAB Library.</subfield>
  </datafield>
  <datafield tag="856" ind1="4" ind2="0">
    <subfield code="u">https://directory.doabooks.org/handle/20.500.12854/68186</subfield>
    <subfield code="7">0</subfield>
    <subfield code="z">Free-to-read: DOAB: description of the publication</subfield>
  </datafield>
  <datafield tag="999" ind1=" " ind2=" ">
    <subfield code="c">92956</subfield>
    <subfield code="d">92956</subfield>
  </datafield>
</record>
